Statistics for History by Picture - V

Click here to take the quiz!

General Stats

  • This quiz has been taken 8,799 times
    (8,761 since last reset)
  • The average score is 12 of 18

Answer Stats

Answer % Correct
Queen Victoria
95%
Vincent Van Gogh
94%
{Vietnam} War
93%
Venice
93%
Mount Vesuvius
89%
Vikings
88%
Treaty of {Versailles}
87%
Venus
87%
Vlad the Impaler
81%
Verona
68%
Von Trapp
54%
Valkyries
50%
Voltaire
49%
Voyager 1
44%
Visigoths
40%
Vermont
26%
Anthony van Dyck
22%
Varanasi
19%

Score Distribution

Percentile by Number Answered

Percent of People with Each Score

Your Score History

You have not taken this quiz since the last reset